[Event "Asuncion CIT op"]
[Site "Asuncion"]
[Date "2023.08.13"]
[Round "3"]
[White "Aquino Sanchez, Rodrigo Catriel"]
[Black "Varillas Jimenes, Ivan"]
[Result "0-1"]
[WhiteElo "1535"]
[BlackElo "1952"]
[PlyCount "103"]
[EventDate "2023.08.12"]
[EventType "swiss"]
[EventRounds "9"]
[EventCountry "PAR"]
[SourceTitle "CBM 215 Extra"]
[Source "ChessBase"]
[SourceDate "2023.09.30"]
[SourceVersion "1"]
[SourceVersionDate "2023.09.30"]
[SourceQuality "1"]

1. d4 g6 2. e4 c6 3. Nf3 d5 4. Nbd2 Bg7 5. c3 Nh6 6. Be2 f6 7. 0-0 Nf7 8. Re1 0-0 9. exd5 cxd5 10. Nf1 e5 11. dxe5 fxe5 12. Be3 Nc6 13. Qb3 b6 14. Rad1 Be6 15. Ng3 Qe7 16. Qa4 Rac8 17. Rd2 Na5 18. Red1 Nc4 19. Bxc4 Rxc4 20. Qa6 Rd8 21. Ne2 h6 22. h3 Nd6 23. Qa3 Qd7 24. b3 Rc7 25. Rxd5 Bxd5 26. Rxd5 Qe6 27. c4 Rcd7 28. Nc3 Nf5 29. Nd2 e4 30. Ncxe4 Nxe3 31. fxe3 Rxd5 32. cxd5 Rxd5 33. Qc1 Kh7 34. Kh1 Rd3 35. Qe1 Qc6 36. Nf2 Rc3 37. Qe2 Rc1+ 38. Kh2 Rc2 39. Qd3 Qc3 40. Qxc3 Bxc3 41. Nde4 Be5+ 42. g3 Re2 43. Kg2 Rxe3 44. Kf1 Bxg3 45. Ng4 Re1+ 46. Kg2 Bh4 47. Kf3 Kg7 48. Ne5 Ra1 49. a4 Ra3 50. Nd2 Bg5 51. Nec4 Ra2 52. Ne4 0-1